[Event "FRA-chT U20 0304"]
[Site "France"]
[Date "2003.??.??"]
[EventDate "2003.??.??"]
[Round "5"]
[Result "0-1"]
[White "Mathilde Choisy"]
[Black "Maxime Vachier-Lagrave"]
[WhiteElo "2158"]
[BlackElo "2637"]
[PlyCount "68"]

1. e4 c5 2. Nf3 d6 3. d4 cxd4 4. Nxd4 Nf6 5. Nc3 g6 6. Be3 Bg7
7. f3 O-O 8. Qd2 Nc6 9. O-O-O Nxd4 10. Bxd4 Be6 11. Kb1 Qc7
12. Nd5 Bxd5 13. exd5 Rac8 14. c3 Qa5 15. h4 Qxd5 16. Bxa7 Qa5
17. Bd4 e5 18. Be3 d5 19. h5 Rfd8 20. hxg6 fxg6 21. Be2 b5
22. Bh6 Bxh6 23. Qxh6 b4 24. cxb4 Qxb4 25. g4 Rb8 26. b3 Rb7
27. Qg5 Qe7 28. Qd2 Rdb8 29. g5 Rxb3+ 30. axb3 Rxb3+ 31. Qb2
Qb4 32. Rd2 Ne4 33. fxe4 Rxb2+ 34. Rxb2 Qxe4+ 0-1

[Event "FRA-chT U20 0304"]
[Site "France"]
[Date "2003.??.??"]
[EventDate "2003.??.??"]
[Round "10"]
[Result "1/2-1/2"]
[White "Olivier Chau"]
[Black "Maxime Vachier-Lagrave"]
[WhiteElo "2209"]
[BlackElo "2637"]
[PlyCount "133"]

1. e4 c5 2. Nf3 Nc6 3. d4 cxd4 4. Nxd4 g6 5. Nc3 Bg7 6. Be3
Nf6 7. Bc4 O-O 8. Bb3 d6 9. f3 Bd7 10. Qd2 Rc8 11. O-O-O Nxd4
12. Bxd4 b5 13. Nd5 Nxd5 14. exd5 Bxd4 15. Qxd4 a5 16. a3 b4
17. a4 Qe8 18. h4 Bxa4 19. Kb1 Bxb3 20. cxb3 a4 21. h5 f6
22. Qxb4 axb3 23. Qxb3 gxh5 24. f4 Qg6+ 25. Qd3 Rc4 26. f5 Qg4
27. Rh3 Kf7 28. Rdh1 Rd4 29. Qc2 Rc4 30. Qd3 Rb8 31. Rxh5 Qxg2
32. Rxh7+ Ke8 33. Rh8+ Kd7 34. Rxb8 Qxh1+ 35. Ka2 Qe4 36. Qxe4
Rxe4 37. Kb3 Rf4 38. Rb4 Rxf5 39. Rb7+ Kd8 40. Kc4 Rf4+
41. Kd3 Rf1 42. b4 Rc1 43. Ke4 Ke8 44. b5 Kf7 45. b6 Rc4+
46. Kd3 Rb4 47. Rb8 Kg6 48. Rb7 Kf7 49. Rb8 Kg6 50. Rb7 Kf5
51. Rxe7 Rxb6 52. Re6 Kg5 53. Ke3 f5 54. Kf3 Rb3+ 55. Ke2 Rb6
56. Kf3 f4 57. Ke4 Ra6 58. Kf3 Kf5 59. Kf2 Kg4 60. Rg6+ Kf5
61. Re6 Ra2+ 62. Kf3 Ra3+ 63. Kf2 Rd3 64. Rxd6 Ke4 65. Re6+
Kxd5 66. Re8 Ra3 67. Re7 1/2-1/2

[Event "28th Rapid Open"]
[Site "Aubervilliers FRA"]
[Date "2003.01.26"]
[EventDate "2003.01.25"]
[Round "8"]
[Result "1-0"]
[White "Murtas Muratovich Kazhgaleyev"]
[Black "Maxime Vachier-Lagrave"]
[WhiteElo "2604"]
[BlackElo "2348"]
[PlyCount "37"]

1. d4 Nf6 2. c4 g6 3. Nc3 d5 4. Nf3 Bg7 5. Qb3 dxc4 6. Qxc4
O-O 7. e4 Nfd7 8. Be3 Nb6 9. Qb3 Bg4 10. Rd1 Nc6 11. d5 Ne5
12. Be2 Nxf3+ 13. gxf3 Bh3 14. Rg1 Qd6 15. f4 e5 16. f5 gxf5
17. Nb5 Qf6 18. Bg5 Qg6 19. Qxh3 1-0

[Event "1st NAO GM"]
[Site "Paris FRA"]
[Date "2003.02.13"]
[EventDate "2003.02.13"]
[Round "1"]
[Result "1/2-1/2"]
[White "Maxime Vachier-Lagrave"]
[Black "Alberto David"]
[WhiteElo "2348"]
[BlackElo "2548"]
[PlyCount "73"]

1. e4 c6 2. d4 d5 3. exd5 cxd5 4. c4 Nf6 5. Nc3 g6 6. Nf3 Bg7
7. c5 O-O 8. Be3 Ne4 9. Qb3 Nc6 10. Qxd5 Bf5 11. Qxd8 Raxd8
12. Bd3 Nxc3 13. Bxf5 Nb5 14. Be4 f5 15. Bxc6 bxc6 16. g3 Nxd4
17. Nxd4 Bxd4 18. O-O-O Bxe3+ 19. fxe3 Kf7 20. Kc2 Ke6 21. Kc3
g5 22. b4 h5 23. a4 a6 24. Kc4 Rxd1 25. Rxd1 f4 26. exf4 gxf4
27. gxf4 Rxf4+ 28. Rd4 Rf2 29. Rh4 Rf5 30. b5 axb5+ 31. axb5
cxb5+ 32. Kxb5 Kd7 33. Kb6 Rf2 34. c6+ Kc8 35. Rxh5 Rb2+
36. Kc5 Kc7 37. Rh7 1/2-1/2

[Event "1st NAO GM"]
[Site "Paris FRA"]
[Date "2003.02.15"]
[EventDate "2003.02.13"]
[Round "3"]
[Result "1/2-1/2"]
[White "Maxime Vachier-Lagrave"]
[Black "Kamran G Shirazi"]
[WhiteElo "2348"]
[BlackElo "2438"]
[PlyCount "111"]

1. e4 c5 2. Nf3 a6 3. c4 e6 4. d4 cxd4 5. Nxd4 Nf6 6. Nc3 Bb4
7. Bd3 O-O 8. e5 Ne8 9. O-O d6 10. exd6 Nxd6 11. Bf4 f5
12. Rc1 Nf7 13. Nf3 Nc6 14. Bb1 Qf6 15. Qb3 g5 16. Be3 g4
17. Nd4 Bd6 18. Rcd1 Nxd4 19. Rxd4 Be5 20. Rd2 Ng5 21. f4 gxf3
22. gxf3 Nh3+ 23. Kh1 b5 24. cxb5 axb5 25. Bc5 Rd8 26. Rxd8+
Qxd8 27. Bxf5 Qd2 28. Qc2 Qxc2 29. Bxc2 Bxc3 30. bxc3 Rxa2
31. Be4 Kf7 32. f4 Ba6 33. Bg2 b4 34. Rb1 Nxf4 35. Bf1 bxc3
36. Bxa6 Rxa6 37. Rc1 e5 38. Bb4 c2 39. Bc3 Ke6 40. Rxc2 Rc6
41. Bxe5 Rxc2 42. Bxf4 Kf5 43. Bb8 Kg4 44. Kg1 Kf3 45. h3 Ke4
46. Bg3 Re2 47. Bb8 Re3 48. Kg2 Kf5 49. Bg3 Kg5 50. Kf2 Rd3
51. Kg2 Rc3 52. Kf2 Rc2+ 53. Kg1 h5 54. Kh1 Rc3 55. Kg2 Rd3
56. Kh2 1/2-1/2

[Event "1st NAO GM"]
[Site "Paris FRA"]
[Date "2003.02.17"]
[EventDate "2003.02.13"]
[Round "5"]
[Result "0-1"]
[White "Philippe Brochet"]
[Black "Maxime Vachier-Lagrave"]
[WhiteElo "2407"]
[BlackElo "2348"]
[PlyCount "134"]

1. e4 c5 2. c3 Nf6 3. e5 Nd5 4. Nf3 Nc6 5. d4 cxd4 6. cxd4 d6
7. Bc4 Nb6 8. Bb5 dxe5 9. Nxe5 Bd7 10. Nxd7 Qxd7 11. Nc3 e6
12. O-O Be7 13. Qg4 O-O 14. Bxc6 bxc6 15. Bh6 Bf6 16. Rfd1 e5
17. Qxd7 Nxd7 18. Be3 exd4 19. Bxd4 Rab8 20. Bxa7 Rxb2 21. Ne4
Rb7 22. Nxf6+ Nxf6 23. Bc5 Ra8 24. f3 Nd5 25. a4 f6 26. Ra3
Kf7 27. Bf2 Ra6 28. g3 Rb2 29. Re1 Ra8 30. a5 Ra6 31. Re4 g6
32. Kf1 h5 33. Re2 Rb1+ 34. Be1 Rb7 35. Rd3 Rb1 36. Kf2 Rb8
37. Rd4 Re8 38. Rde4 Rxe4 39. fxe4 Nc7 40. Ke3 Ke6 41. Kd4
Nb5+ 42. Kc5 Nd6 43. Kb4 Nb7 44. Ra2 Nd6 45. Bf2 Nxe4 46. Bb6
f5 47. Ra1 g5 48. Rc1 Kd6 49. Rd1+ Ke7 50. Kc4 Ra8 51. Ra1 Ra6
52. Kd4 Kd6 53. h4 g4 54. Ra3 c5+ 55. Ke3 Nf6 56. Kf4 Nd5+
57. Kxf5 Nxb6 58. Rd3+ Kc6 59. axb6 Rxb6 60. Kg6 c4 61. Rc3
Kd5+ 62. Kxh5 Rb3 63. Rxc4 Kxc4 64. Kxg4 Kd5 65. h5 Ke6
66. Kh4 Kf6 67. g4 Rb4 0-1

[Event "1st NAO GM"]
[Site "Paris FRA"]
[Date "2003.02.18"]
[EventDate "2003.02.13"]
[Round "6"]
[Result "1-0"]
[White "Maxime Vachier-Lagrave"]
[Black "Nebojsa Nikcevic"]
[WhiteElo "2348"]
[BlackElo "2468"]
[PlyCount "107"]

1. e4 e5 2. Nf3 Nc6 3. Bb5 Nf6 4. O-O Nxe4 5. d4 Nd6 6. Bxc6
dxc6 7. dxe5 Nf5 8. Qxd8+ Kxd8 9. Nc3 Ke8 10. Rd1 a5 11. h3 h5
12. a4 Be7 13. Bg5 Be6 14. Rd2 Rd8 15. Rad1 Rxd2 16. Rxd2 Bxg5
17. Nxg5 Ke7 18. Nxe6 Kxe6 19. f4 f6 20. Ne4 b6 21. exf6 gxf6
22. g3 Nd6 23. Re2 b5 24. Kf2 Nxe4+ 25. Rxe4+ Kd5 26. Kf3 Rg8
27. Re7 bxa4 28. Rd7+ Kc5 29. Rh7 Ra8 30. Rxh5+ Kb4 31. f5 c5
32. Rh4+ c4 33. Ke3 Rg8 34. Rg4 Rxg4 35. hxg4 c3 36. bxc3+
Kxc3 37. g5 a3 38. gxf6 a2 39. f7 a1=Q 40. f8=Q Qc1+ 41. Kf3
Qf1+ 42. Kg4 Qc4+ 43. Kg5 a4 44. f6 Kxc2 45. Qe7 a3 46. Qxa3
Qg8+ 47. Kf4 Qc4+ 48. Ke5 Qe2+ 49. Kf5 Qb5+ 50. Ke6 Qc4+
51. Ke7 Qe4+ 52. Kf8 Qe5 53. Qa4+ Kc1 54. Qf4+ 1-0

[Event "1st NAO GM"]
[Site "Paris FRA"]
[Date "2003.02.20"]
[EventDate "2003.02.13"]
[Round "8"]
[Result "1/2-1/2"]
[White "Maxime Vachier-Lagrave"]
[Black "Krum Georgiev"]
[WhiteElo "2348"]
[BlackElo "2529"]
[PlyCount "28"]

1. e4 c5 2. Nf3 d6 3. d4 Nf6 4. Nc3 cxd4 5. Nxd4 Bd7 6. g3 Nc6
7. Bg2 g6 8. O-O Bg7 9. Nde2 O-O 10. h3 Rc8 11. Be3 Qa5 12. f4
Be6 13. Qd2 Bc4 14. Rfd1 e5 1/2-1/2

[Event "Paris NAO GM 2nd"]
[Site "Paris"]
[Date "2003.06.20"]
[EventDate "?"]
[Round "1"]
[Result "0-1"]
[White "Maxime Vachier-Lagrave"]
[Black "Krum Georgiev"]
[WhiteElo "2637"]
[BlackElo "2507"]
[PlyCount "106"]

1.e4 c5 2.Nf3 d6 3.d4 Nf6 4.Nc3 cxd4 5.Nxd4 Bd7 6.g3 Nc6 7.Bg2
e6 8.Nde2 Rc8 9.O-O Ne5 10.h3 h5 11.b3 h4 12.g4 Nfxg4 13.f4
Qb6+ 14.Kh1 Ne3 15.Bxe3 Qxe3 16.fxe5 Rxc3 17.Rf3 Qxf3 18.Bxf3
Rxf3 19.Qd4 Bc6 20.Kg2 Rf5 21.exd6 Rh6 22.Kh2 Rg6 23.exf5 Rg2+
24.Kh1 Rg6+ 25.Kh2 Rg2+ 26.Kh1 Rg4+ 27.Kh2 Rxd4 28.Nxd4 Bxd6+
29.Kg1 Bc5 30.c3 e5 31.Re1 f6 32.Kf1 Bd7 33.b4 Bb6 34.Ne6 g6
35.c4 gxf5 36.c5 Bxe6 37.cxb6 axb6 38.a4 f4 39.Kf2 Ke7 40.a5
bxa5 41.bxa5 Kd6 42.Rb1 Bd5 43.Rb6+ Bc6 44.a6 bxa6 45.Rxa6 e4
46.Ra5 Bd5 47.Ra7 Ke5 48.Ra4 f5 49.Ra7 f3 50.Rh7 f4 51.Re7+
Kd4 52.Rd7 e3+ 53.Kf1 Ke5 0-1

[Event "2nd NAO GM"]
[Site "Paris FRA"]
[Date "2003.06.22"]
[EventDate "2003.06.20"]
[Round "3"]
[Result "0-1"]
[White "Maxime Vachier-Lagrave"]
[Black "Jozsef Horvath"]
[WhiteElo "2382"]
[BlackElo "2507"]
[PlyCount "84"]

1. e4 c6 2. d4 d5 3. exd5 cxd5 4. c4 dxc4 5. Bxc4 Qc7 6. Qb3
e6 7. Ne2 Nf6 8. Nbc3 Nc6 9. Bf4 Bd6 10. Nb5 Qa5+ 11. Bd2 Bb4
12. Bxb4 Nxb4 13. Nc7+ Qxc7 14. Qxb4 Bd7 15. Rc1 a5 16. Qb3 a4
17. Qb4 Qa5 18. Qxa5 Rxa5 19. a3 Ke7 20. O-O Bc6 21. Rfd1 h5
22. Nf4 Rd8 23. Be2 h4 24. Nd3 Rxd4 25. Nb4 Rxd1+ 26. Bxd1 Bd7
27. Bf3 b6 28. Rc4 g5 29. Nc6+ Bxc6 30. Bxc6 Kd6 31. g3 h3
32. f3 Nd5 33. Kf2 f5 34. Ke2 b5 35. Rc2 Nc7 36. Bb7 b4
37. axb4 Rb5 38. Rd2+ Ke5 39. Bc6 Rxb4 40. Kd3 Kd6 41. Rc2 e5
42. Ke2 Ne6 0-1

[Event "2nd NAO GM"]
[Site "Paris FRA"]
[Date "2003.06.24"]
[EventDate "2003.06.20"]
[Round "5"]
[Result "1/2-1/2"]
[White "Maxime Vachier-Lagrave"]
[Black "Andrei Shchekachev"]
[WhiteElo "2382"]
[BlackElo "2592"]
[PlyCount "100"]

1. e4 c6 2. d4 d5 3. exd5 cxd5 4. c4 Nf6 5. Nc3 e6 6. Nf3 Bb4
7. cxd5 Nxd5 8. Bd2 Nc6 9. Bd3 Be7 10. O-O O-O 11. Nxd5 exd5
12. Bf4 Bg4 13. h3 Bh5 14. Re1 Bf6 15. Be5 Re8 16. g4 Bg6
17. Bxg6 hxg6 18. Qb3 Qd7 19. Bxf6 gxf6 20. Qd3 Qd6 21. Kg2
Nb4 22. Rxe8+ Rxe8 23. Qb5 Nc6 24. Rc1 Re7 25. Qc5 Qf4 26. Rc3
Rd7 27. Re3 Kg7 28. b4 a6 29. a3 Qb8 30. Ne1 Na7 31. a4 b6
32. Qc3 Qd6 33. Nd3 Rc7 34. Qb2 Rc4 35. Re8 Nc6 36. Ra8 Rxd4
37. Qe2 Re4 38. Qc2 Qe6 39. b5 axb5 40. axb5 Rc4 41. Qb3 Qe4+
42. Kh2 Nb4 43. Nxb4 Rxb4 44. Qa3 Qe5+ 45. Kg2 Qb2 46. Qe3 Qe5
47. Qa3 Qe4+ 48. Kh2 Qd4 49. Kg2 Qc5 50. Qg3 Qe7 1/2-1/2

[Event "2nd NAO GM"]
[Site "Paris FRA"]
[Date "2003.06.25"]
[EventDate "2003.06.20"]
[Round "6"]
[Result "1/2-1/2"]
[White "Maxime Vachier-Lagrave"]
[Black "Philippe Brochet"]
[WhiteElo "2382"]
[BlackElo "2392"]
[PlyCount "111"]

1. e4 c5 2. Nf3 Nc6 3. d4 cxd4 4. Nxd4 d5 5. Nxc6 bxc6 6. exd5
Qxd5 7. Qe2 Nf6 8. Nc3 Qa5 9. Qf3 Nd5 10. Bd2 e6 11. Bb5 Qb6
12. Ba4 Bb4 13. a3 Bxc3 14. Bxc3 O-O 15. O-O Bb7 16. Rad1 Rad8
17. b4 Qa6 18. Bb3 Nxc3 19. Qxc3 Qe2 20. Rxd8 Rxd8 21. Bc4 Qg4
22. h3 Qf4 23. Be2 e5 24. Qc5 Qd4 25. Qe7 Qd7 26. Qxe5 Re8
27. Qh5 g6 28. Qg4 Qd2 29. Bd3 Bc8 30. Qc4 Bb7 31. Qc5 a6
32. Qb6 Ba8 33. Qxa6 c5 34. Qb5 Rc8 35. Qd7 Rf8 36. bxc5 Qc3
37. Qd6 Qxa3 38. Rb1 Qa4 39. Rb8 Rxb8 40. Qxb8+ Kg7 41. Qe5+
Kg8 42. f3 Qa3 43. Be4 Bxe4 44. fxe4 Qc1+ 45. Kh2 Qxc2 46. Qd6
Qxe4 47. c6 Qc4 48. c7 Kg7 49. Qe5+ f6 50. Qe7+ Kh6 51. Qf8+
Kg5 52. c8=Q Qf4+ 53. Kg1 Qd4+ 54. Kh1 Qa1+ 55. Kh2 Qe5+
56. Kg1 1/2-1/2

[Event "2nd NAO GM"]
[Site "Paris FRA"]
[Date "2003.06.27"]
[EventDate "2003.06.20"]
[Round "8"]
[Result "1-0"]
[White "Maxime Vachier-Lagrave"]
[Black "Chi Minh Nguyen"]
[WhiteElo "2382"]
[BlackElo "2383"]
[PlyCount "93"]

1. e4 e6 2. d3 d5 3. Nd2 Nf6 4. Ngf3 b6 5. c3 c5 6. Qa4+ Qd7
7. Qc2 Nc6 8. a3 a5 9. e5 Ng8 10. d4 Nge7 11. Bd3 Ba6 12. O-O
Bxd3 13. Qxd3 h5 14. dxc5 bxc5 15. c4 d4 16. Re1 Ng6 17. h4
Be7 18. Qe4 Rb8 19. b3 Bd8 20. a4 Qc7 21. Ba3 Be7 22. Rab1 Rb7
23. g3 Nf8 24. Ng5 Nxe5 25. Qxe5 Qxe5 26. Rxe5 f6 27. Rxe6
fxg5 28. Re4 Kf7 29. hxg5 Bxg5 30. Nf3 Bf6 31. Bxc5 d3 32. Be3
Ne6 33. Ne5+ Bxe5 34. Rxe5 Rd8 35. Rb5 Rxb5 36. axb5 d2
37. Rd1 Nd4 38. Bxd4 Rxd4 39. Kf1 a4 40. bxa4 Rxc4 41. Rxd2
Rxa4 42. Rb2 Ke6 43. b6 Ra8 44. b7 Rb8 45. f4 h4 46. g4 Kd5
47. Kg2 1-0

[Event "2nd NAO GM"]
[Site "Paris FRA"]
[Date "2003.06.28"]
[EventDate "2003.06.20"]
[Round "9"]
[Result "1-0"]
[White "Anthony Bellaiche"]
[Black "Maxime Vachier-Lagrave"]
[WhiteElo "2424"]
[BlackElo "2382"]
[PlyCount "49"]

1. e4 c5 2. Nf3 d6 3. d4 cxd4 4. Nxd4 Nf6 5. Nc3 g6 6. Be2 Bg7
7. O-O Nc6 8. Nb3 O-O 9. Bg5 Na5 10. Qd2 Be6 11. Bh6 Nc4
12. Bxc4 Bxc4 13. Rfe1 Bxh6 14. Qxh6 Qb6 15. Qh4 Rfc8 16. Rab1
Be6 17. Nd2 Qa6 18. Nf3 Rc5 19. Ng5 Bxa2 20. e5 dxe5 21. Ra1
Ra5 22. Qh6 Bd5 23. Rad1 Ba2 24. Ra1 Bd5 25. Nxd5 1-0

[Event "FRA-ch Accession"]
[Site "Aix les Bains"]
[Date "2003.08.19"]
[EventDate "2003.??.??"]
[Round "4"]
[Result "1/2-1/2"]
[White "Maxime Vachier-Lagrave"]
[Black "Manuel Bijaoui"]
[WhiteElo "2637"]
[BlackElo "2396"]
[PlyCount "52"]

1. e4 c5 2. Nf3 d6 3. d4 cxd4 4. Nxd4 Nf6 5. Nc3 a6 6. g3 e6
7. Bg2 Be7 8. O-O O-O 9. h3 Nc6 10. Nde2 Rb8 11. g4 Nd7
12. Be3 b5 13. a3 Qc7 14. f4 Re8 15. g5 Bf8 16. Qd2 Bb7 17. h4
Nb6 18. b3 d5 19. exd5 Nxd5 20. Nxd5 exd5 21. Bf2 d4 22. c3
dxc3 23. Nxc3 Ne7 24. Bxb7 Qxb7 25. Rfe1 Rbd8 26. Qe3 Nf5
1/2-1/2

[Event "FRA-ch Accession"]
[Site "Aix les Bains"]
[Date "2003.08.19"]
[EventDate "2003.??.??"]
[Round "5"]
[Result "0-1"]
[White "Maxime Aguettaz"]
[Black "Maxime Vachier-Lagrave"]
[WhiteElo "2426"]
[BlackElo "2637"]
[PlyCount "64"]

1. e4 c5 2. Nf3 Nc6 3. Bb5 Nf6 4. e5 Ng4 5. Bxc6 dxc6 6. O-O
g6 7. d3 Bg7 8. Bf4 Nh6 9. a4 a5 10. Qd2 Nf5 11. c3 h5 12. Na3
O-O 13. h3 f6 14. Rae1 g5 15. Be3 b6 16. Nh2 Ba6 17. c4 Qd7
18. Rd1 Rad8 19. Rfe1 Bc8 20. Nc2 Qc7 21. exf6 exf6 22. Qe2
Qf7 23. b3 Rfe8 24. Qf3 Rd6 25. Nf1 Red8 26. Bc1 Nh4 27. Qe2
Bf5 28. g3 Ng6 29. Qxh5 Ne5 30. Qxf7+ Kxf7 31. Kg2 Bxd3
32. Rd2 Bxf1+ 0-1

[Event "FRA-ch Accession"]
[Site "Aix les Bains"]
[Date "2003.08.19"]
[EventDate "2003.??.??"]
[Round "6"]
[Result "1/2-1/2"]
[White "Maxime Vachier-Lagrave"]
[Black "Patrice Lerch"]
[WhiteElo "2637"]
[BlackElo "2313"]
[PlyCount "97"]

1. e4 c5 2. Nf3 Nc6 3. Bb5 g6 4. Bxc6 dxc6 5. h3 Bg7 6. d3 e5
7. Be3 Qe7 8. Qd2 Nf6 9. Bh6 Nh5 10. g4 Qf6 11. Ng1 Bxh6
12. Qxh6 Qf4 13. Qxf4 Nxf4 14. Nc3 Be6 15. Nf3 f6 16. Ne2 g5
17. Nxf4 exf4 18. Nd2 h5 19. O-O-O Kf7 20. f3 Rh7 21. e5 f5
22. gxf5 Bxf5 23. Nb3 Ke6 24. Nxc5+ Kxe5 25. Rhe1+ Kf6
26. Ne4+ Bxe4 27. Rxe4 Re7 28. Rxe7 Kxe7 29. Re1+ Kf6 30. Kd2
Rg8 31. Re4 Rg7 32. d4 Rd7 33. c4 b5 34. cxb5 cxb5 35. Kd3 Rc7
36. Re1 g4 37. hxg4 hxg4 38. fxg4 Kg5 39. d5 Kxg4 40. Kd4 f3
41. d6 Rc8 42. Kd5 f2 43. Rb1 Kf3 44. d7 Rc2 45. Rd1 Ke2
46. d8=Q Kxd1 47. Ke4+ Ke1 48. Qa5+ Kd1 49. Qd8+ 1/2-1/2

[Event "FRA-ch Accession"]
[Site "Aix les Bains"]
[Date "2003.08.19"]
[EventDate "2003.??.??"]
[Round "7"]
[Result "0-1"]
[White "Yannick Gozzoli"]
[Black "Maxime Vachier-Lagrave"]
[WhiteElo "2510"]
[BlackElo "2637"]
[PlyCount "80"]

1. e4 c5 2. Nc3 e6 3. Nf3 a6 4. g3 b5 5. Bg2 Bb7 6. O-O b4
7. Na4 Bxe4 8. d4 cxd4 9. Qxd4 Nf6 10. c4 bxc3 11. Nxc3 Bb7
12. Bf4 Nc6 13. Qa4 Qb6 14. Rfe1 Be7 15. Re2 O-O 16. Rd1 d5
17. Ne5 Rac8 18. Nf3 h6 19. a3 Rfd8 20. Be3 Bc5 21. Bxc5 Qxc5
22. Nd4 Qb6 23. h3 Na5 24. Qb4 Qxb4 25. axb4 Nc6 26. Nxc6 Rxc6
27. Rd4 Ne8 28. Red2 Rdc8 29. Kh2 Nd6 30. Na4 Rc2 31. Nc5 Rxd2
32. Rxd2 a5 33. Nxb7 Nxb7 34. bxa5 Nxa5 35. Bf1 Nb7 36. b4 Nd6
37. Ra2 Kf8 38. Kg2 Ke7 39. Ra7+ Kf6 40. Rd7 Rc6 0-1

[Event "FRA-ch Accession"]
[Site "Aix les Bains"]
[Date "2003.08.19"]
[EventDate "2003.??.??"]
[Round "8"]
[Result "0-1"]
[White "Maxime Vachier-Lagrave"]
[Black "Davoud Pira"]
[WhiteElo "2637"]
[BlackElo "2449"]
[PlyCount "82"]

1. e4 g6 2. d4 Bg7 3. g3 b5 4. Bxb5 c5 5. Ne2 Qb6 6. Nbc3 cxd4
7. Nd5 Qb7 8. Nxd4 Nf6 9. Bc4 Nxd5 10. Bxd5 Nc6 11. c3 Qa6
12. Nxc6 dxc6 13. Bb3 O-O 14. Bf4 Bh3 15. Qe2 Qa5 16. O-O-O c5
17. g4 c4 18. Rd5 Qb6 19. Bxc4 Rac8 20. Bb3 h5 21. Be3 Qb4
22. Bc2 Rxc3 23. bxc3 Qxc3 24. e5 Bg2 25. Rhd1 Bxd5 26. Rxd5
Qa1+ 27. Kd2 Qxa2 28. Qd3 hxg4 29. Rd7 Qe6 30. Rxa7 Qxe5
31. Qe4 Rd8+ 32. Ke2 Qb5+ 33. Bd3 Qb2+ 34. Kf1 e6 35. Bc4 Qc3
36. Rxf7 Qa1+ 37. Kg2 Rd1 38. Rxg7+ Kxg7 39. Qb7+ Kf6 40. Kg3
Rg1+ 41. Kf4 Qe5# 0-1

[Event "FRA-ch Accession"]
[Site "Aix les Bains"]
[Date "2003.08.19"]
[EventDate "2003.??.??"]
[Round "9"]
[Result "1/2-1/2"]
[White "Asher Glicenstein"]
[Black "Maxime Vachier-Lagrave"]
[WhiteElo "2306"]
[BlackElo "2637"]
[PlyCount "85"]

1. Nf3 c5 2. c4 g6 3. e4 Bg7 4. d4 Qa5+ 5. Nc3 Nc6 6. dxc5
Bxc3+ 7. bxc3 Nf6 8. Be2 Nxe4 9. Qc2 Nxc5 10. O-O O-O 11. Bh6
Re8 12. Nd4 d6 13. f4 Na4 14. Nb5 Bf5 15. Bd3 Nxc3 16. Bxf5
Nxb5 17. Bd7 Nbd4 18. Qb2 Qh5 19. Bxe8 Rxe8 20. Bg5 h6
21. Rad1 hxg5 22. Rxd4 Nxd4 23. Qxd4 gxf4 24. Qxf4 Rf8 25. Qe4
Qc5+ 26. Rf2 Qc7 27. h4 Rc8 28. h5 Qxc4 29. Qxe7 Qe6 30. Qxe6
fxe6 31. Rf6 gxh5 32. Rxe6 Rc2 33. Rxd6 Kf8 34. Rd7 Rb2 35. a4
Rb4 36. a5 a6 37. Kh2 Ke8 38. Rh7 Rb5 39. Kh3 Kd8 40. Kh4 Rxa5
41. Rxb7 Kc8 42. Rh7 Ra2 43. Rg7 1/2-1/2

[Event "Wch U14"]
[Site "Chalkidiki"]
[Date "2003.10.23"]
[EventDate "2003.??.??"]
[Round "2"]
[Result "1-0"]
[White "Maxime Vachier-Lagrave"]
[Black "Lukas Muheim"]
[WhiteElo "2637"]
[BlackElo "2223"]
[PlyCount "73"]

1. e4 d5 2. exd5 Qxd5 3. Nc3 Qa5 4. d4 c6 5. Nf3 Nf6 6. Ne5
Be6 7. Bd3 Nbd7 8. f4 g6 9. O-O Qb6 10. Nc4 Qc7 11. f5 Bxc4
12. Bxc4 Nb6 13. Bb3 Bg7 14. Qf3 Qd7 15. Be3 Qxf5 16. Qxf5
gxf5 17. Rxf5 e6 18. Rg5 Bh6 19. Rg3 Bxe3+ 20. Rxe3 Nbd5
21. Rf3 Ke7 22. Raf1 Raf8 23. Bxd5 Nxd5 24. Ne4 f5 25. Nc5 b6
26. Nd3 Rhg8 27. Re1 Rg5 28. c4 Nc7 29. Ne5 Kd6 30. c5+ Kd5
31. cxb6 axb6 32. Nd7 Rf7 33. Nxb6+ Kxd4 34. Rd1+ Kc5 35. Nd7+
Kb5 36. Rb3+ Ka6 37. Nb8+ 1-0

[Event "Wch U14"]
[Site "Chalkidiki"]
[Date "2003.10.23"]
[EventDate "2003.??.??"]
[Round "3"]
[Result "0-1"]
[White "Niccolo Ronchetti"]
[Black "Maxime Vachier-Lagrave"]
[WhiteElo "2395"]
[BlackElo "2637"]
[PlyCount "168"]

1. e4 c5 2. Nf3 d6 3. d4 cxd4 4. Nxd4 Nf6 5. Nc3 g6 6. Be3 Bg7
7. f3 Nc6 8. Qd2 O-O 9. O-O-O Nxd4 10. Bxd4 Be6 11. Kb1 Qc7
12. g4 Rfc8 13. g5 Nh5 14. Bxg7 Nxg7 15. Nd5 Bxd5 16. exd5 Qc5
17. Bh3 Rc7 18. Bg4 f5 19. gxf6 exf6 20. Be6+ Nxe6 21. dxe6
Re8 22. Rhe1 Rc6 23. Re2 d5 24. Rde1 Re7 25. h4 d4 26. h5 Qxh5
27. Qxd4 Kg7 28. f4 Qc5 29. Qd8 Rc8 30. Qd3 Qc4 31. Qg3 Rxe6
32. Rd2 Rxe1+ 33. Qxe1 Rc7 34. Qf2 Re7 35. a3 b6 36. Rd4 Qe6
37. Qf3 h5 38. Rd8 Qe4 39. Qb3 Qe1+ 40. Ka2 Qe6 41. c4 Rd7
42. Rxd7+ Qxd7 43. Qg3 Qd4 44. Kb3 Qd6 45. Qf2 Qd3+ 46. Kb4
Kf7 47. c5 a5+ 48. Ka4 Qd7+ 49. Kb3 Qd5+ 50. Ka4 Qc6+ 51. Kb3
a4+ 52. Ka2 Qd5+ 53. Ka1 bxc5 54. Qc2 h4 55. f5 Qh1+ 56. Ka2
Qd5+ 57. Ka1 gxf5 58. Qxa4 Qd4 59. Qc2 Ke6 60. Qe2+ Qe4
61. Qa6+ Ke5 62. Qb6 Qh1+ 63. Ka2 Qd5+ 64. Ka1 Qd1+ 65. Ka2
Qd6 66. Qa5 Kf4 67. Qe1 Kg5 68. a4 h3 69. Qe3+ Qf4 70. Qxh3
Qxa4+ 71. Kb1 Qd1+ 72. Ka2 Qd5+ 73. Ka1 f4 74. Qh2 f3 75. Qg3+
Kf5 76. Qh3+ Ke5 77. Qg3+ Ke4 78. Qh4+ Ke3 79. Qe1+ Kd3
80. Qd1+ Ke4 81. Qe1+ Kf5 82. Qf2 c4 83. Qh4 Qa8+ 84. Kb1 Qe4+
0-1

[Event "Wch U14"]
[Site "Chalkidiki"]
[Date "2003.10.23"]
[EventDate "2003.??.??"]
[Round "4"]
[Result "0-1"]
[White "Maxime Vachier-Lagrave"]
[Black "Abhijeet Gupta"]
[WhiteElo "2637"]
[BlackElo "2495"]
[PlyCount "110"]

1. e4 c5 2. Nf3 d6 3. c3 Nf6 4. Bd3 Bg4 5. h3 Bh5 6. Bc2 Nc6
7. d3 e5 8. O-O Be7 9. a3 O-O 10. b4 a6 11. Qe2 Qc7 12. bxc5
dxc5 13. Nbd2 b5 14. Bb2 Rfe8 15. Rfc1 Rad8 16. a4 Nd7 17. Nf1
Nf8 18. Ne3 Ne6 19. Nd5 Nf4 20. Nxf4 exf4 21. axb5 axb5 22. e5
Bxf3 23. Qxf3 Nxe5 24. Qxf4 Bd6 25. Qf5 g6 26. Qf6 Re6 27. Qh4
Rde8 28. c4 b4 29. d4 cxd4 30. Bxd4 Nc6 31. Be3 Be7 32. Qf4
Qxf4 33. Bxf4 Nd4 34. Bd1 b3 35. Rab1 b2 36. Rc3 Bf6 37. Re3
Nf5 38. Rxe6 Rxe6 39. Bc2 Nd4 40. Bd3 Ne2+ 41. Bxe2 Rxe2
42. Be3 Rc2 43. c5 Rc4 44. Kh2 Kf8 45. Kg3 Ke7 46. Kf3 Ra4
47. Bg5 Bxg5 48. Rxb2 Rc4 49. g3 Rxc5 50. Kg2 Kd6 51. Rb7 Be7
52. Rb2 Ke6 53. h4 Bf6 54. Rb6+ Ke7 55. Rb3 h5 0-1

[Event "Wch U14"]
[Site "Chalkidiki"]
[Date "2003.10.23"]
[EventDate "2003.??.??"]
[Round "5"]
[Result "0-1"]
[White "Giorgi Margvelashvili"]
[Black "Maxime Vachier-Lagrave"]
[WhiteElo "2459"]
[BlackElo "2637"]
[PlyCount "87"]

1. d4 Nf6 2. c4 g6 3. f3 e5 4. dxe5 Nh5 5. g3 Nc6 6. e4 Nxe5
7. Be3 Bg7 8. Nc3 d6 9. f4 Ng4 10. Bd4 O-O 11. Nge2 Re8 12. h3
Nh6 13. g4 c5 14. Bf2 Nxg4 15. hxg4 Bxg4 16. Qd2 Bxe2 17. Bxe2
Bxc3 18. bxc3 Rxe4 19. O-O-O Nxf4 20. Bd3 Nxd3+ 21. Qxd3 Qg5+
22. Kb1 Rae8 23. Rhe1 Rxe1 24. Rxe1 Rxe1+ 25. Bxe1 Qg1 26. Qe4
h5 27. Kb2 Kg7 28. Kb3 g5 29. Qe2 h4 30. Bf2 Qb1+ 31. Ka3 Qf5
32. Qh5 f6 33. Qe2 Qe5 34. Qf3 Kg6 35. Kb3 b6 36. Qg4 f5
37. Qg2 Qe4 38. Qh3 Qb1+ 39. Ka3 Qc1+ 40. Kb3 Qd1+ 41. Ka3 Qd2
42. Bxh4 gxh4 43. Qf3 Qc2 44. Qh5+ 0-1

[Event "Wch U14"]
[Site "Chalkidiki"]
[Date "2003.10.23"]
[EventDate "2003.??.??"]
[Round "6"]
[Result "1-0"]
[White "Maxime Vachier-Lagrave"]
[Black "Aleksandr Lenderman"]
[WhiteElo "2637"]
[BlackElo "2435"]
[PlyCount "91"]

1. e4 e5 2. Nf3 Nc6 3. Bb5 a6 4. Bxc6 dxc6 5. O-O Bg4 6. h3 h5
7. d3 Qf6 8. Nbd2 Ne7 9. Nc4 Bxf3 10. Qxf3 Qxf3 11. gxf3 Ng6
12. Rd1 O-O-O 13. Kf1 Bc5 14. Be3 Bd4 15. c3 Bxe3 16. fxe3 c5
17. Ke2 Rd7 18. Rg1 Rhd8 19. Rad1 b5 20. Na5 Rd6 21. Nb3 Rc6
22. c4 b4 23. Rg5 h4 24. Rh5 Rh8 25. Rxh8+ Nxh8 26. Rg1 Ng6
27. Rg4 a5 28. f4 a4 29. Nd2 exf4 30. exf4 f5 31. exf5 Ne7
32. Rg5 Rf6 33. Ne4 Rxf5 34. Rxg7 Nc6 35. Ke3 a3 36. b3 Rh5
37. Rg5 Rxg5 38. fxg5 Kd8 39. Nxc5 Ke7 40. Ke4 Kf7 41. d4 Kg6
42. d5 Nd8 43. Ne6 Nf7 44. c5 Nh8 45. d6 cxd6 46. c6 1-0